Catálogo
 En Linea

Kill the messenger : (Registro nro. 23306)

Detalles MARC
000 -CABECERA
campo de control de longitud fija 00617nam a2200181 a 4500
001 - NÚMERO DE CONTROL
campo de control 000023810
005 - FECHA Y HORA DE LA ÚLTIMA TRANSACCIÓN
campo de control 20200930022501.0
008 - DATOS DE LONGITUD FIJA--INFORMACIÓN GENERAL
campo de control de longitud fija 110113s1989 gaubch r 000 f eng d
020 ## - NÚMERO INTERNACIONAL ESTÁNDAR DEL LIBRO
Número Internacional Estándar del Libro 0934601720
040 ## - FUENTE DE LA CATALOGACIÓN
Centro catalogador/agencia de origen DO-SdBNP
Lengua de catalogación spa
Centro/agencia transcriptor BNPHU
082 ## - NÚMERO DE LA CLASIFICACIÓN DECIMAL DEWEY
Número de clasificación nnnn
Número de documento/Ítem F737k
049 ## - FONDOS LOCALES (OCLC)
Fondos de biblioteca BNGR
100 1# - ENTRADA PRINCIPAL--NOMBRE DE PERSONA
Nombre de persona Fortenberry, Ken H.,
Fechas asociadas al nombre 1951-
9 (RLIN) 49016
245 10 - MENCIÓN DE TÍTULO
Título Kill the messenger :
Resto del título one man´s fight bigotry and greed /
Mención de responsabilidad, etc. Ken H. Fortenberry.
260 ## - PUBLICACIÓN, DISTRIBUCIÓN, ETC.
Lugar de publicación, distribución, etc. Atlanta :
Nombre del editor, distribuidor, etc. Peachtree Publishers,
Fecha de publicación, distribución, etc. 1989.
300 ## - DESCRIPCIÓN FÍSICA
Extensión 178 p. :
Otras características físicas mapas, retrs., fascs. ;
Dimensiones 24 cm.
504 ## - NOTA DE BIBLIOGRAFÍA, ETC.
Nota de bibliografía, etc. Incluye referencias bibliográficas y notas al pie de las páginas.
Existencias
Estado de retiro Estado de pérdida Restricciones de uso No para préstamo Código de colección Localización permanente Ubicación/localización actual Ubicación en estantería Fecha de adquisición Número de inventario Total de préstamos Signatura topográfica completa Código de barras Fecha visto por última vez Precio válido a partir de Tipo de ítem Koha
    Préstamo interno   Monografías: Libros y Folletos General General En catalogación 13.01.2011 LF1   nnnn F737k 23810-10 25.06.2020 25.06.2020 Préstamo interno

Con tecnología Koha